Dominican week in the United States = (Record no. 29164)
[ view plain ]
| 000 -CABECERA | |
|---|---|
| campo de control de longitud fija | 00775nam a2200217 a 4500 |
| 001 - NÚMERO DE CONTROL | |
| campo de control | 000029672 |
| 003 - IDENTIFICADOR DEL NÚMERO DE CONTROL | |
| campo de control | DO-SdBNP |
| 005 - FECHA Y HORA DE LA ÚLTIMA TRANSACCIÓN | |
| campo de control | 20240715124917.0 |
| 008 - DATOS DE LONGITUD FIJA--INFORMACIÓN GENERAL | |
| campo de control de longitud fija | 110419s2006 xxua 000 0 spa d |
| 040 ## - FUENTE DE LA CATALOGACIÓN | |
| Centro catalogador/agencia de origen | DO-SdBNP |
| Lengua de catalogación | spa |
| Centro/agencia transcriptor | BNPHU |
| 041 17 - CÓDIGO DE LENGUA | |
| Código de lengua del texto/banda sonora o título independiente | spa |
| Fuente del código | eng |
| 111 2# - ENTRADA PRINCIPAL--NOMBRE DE CONGRESO/REUNIÓN | |
| Nombre de congreso/reunión o jurisdicción como elemento de entrada | Dominican week in the United States |
| Número del congreso/reunión o número de parte o sección | (14: |
| Fecha del congreso/reunión | 2006, septiember 18 -21 |
| Sede del congreso/Lugar de la reunión | Estados Unidos) |
| 9 (RLIN) | 56473 |
| 245 13 - MENCIÓN DE TÍTULO | |
| Título | Dominican week in the United States = |
| Resto del título | Semana dominicana en los Estados Unidos. |
| 246 13 - FORMA VARIANTE DE TÍTULO | |
| Título propio/Titulo breve | Semana dominicana en los Estados Unidos |
| 260 ## - PUBLICACIÓN, DISTRIBUCIÓN, ETC. | |
| Lugar de publicación, distribución, etc. | [s.l.] : |
| Nombre del editor, distribuidor, etc. | [s.n.], |
| Fecha de publicación, distribución, etc. | 2006. |
| 300 ## - DESCRIPCIÓN FÍSICA | |
| Extensión | 75 p. |
| 500 ## - NOTA GENERAL | |
| Nota general | Texto a dos columnas |
| 500 ## - NOTA GENERAL | |
| Nota general | Texto en inglés y español |
| 505 0# - NOTA DE CONTENIDO CON FORMATO | |
| Nota de contenido con formato | Semana dominicana exalta el valioso trabajo de los profesores dominicanos en Nueva York |
| 942 ## - ELEMENTOS DE PUNTO DE ACCESO ADICIONAL (KOHA) | |
| Fuente del sistema de clasificación o colocación | Dewey Decimal Classification |
| Tipo de ítem Koha | Libro |
| Estado de retiro | Estado de pérdida | Restricciones de uso | No para préstamo | Código de colección | Localización permanente | Ubicación/localización actual | Ubicación en estantería | Fecha de adquisición | Número de inventario | Total de préstamos | Signatura topográfica completa | Código de barras | Fecha visto por última vez | Precio válido a partir de | Tipo de ítem Koha |
|---|---|---|---|---|---|---|---|---|---|---|---|---|---|---|---|
| Monografías: Libros y Folletos | Patrimonio Dominicano | Patrimonio Dominicano | Orden iniciada | 19.04.2011 | LF1 | 29672-10 | 25.06.2020 | 25.06.2020 | No se presta |
